000 00477cam a2200205ua 4500
001 7276
005 20260515114200.0
008 141218n ii |||gr||||Z||||||ben
020 _a817079191X
040 _cMAIN
041 _aben
082 _a891.443
100 _aGangopadhyay, S.,
_eAuthor.
245 _aMegha dristi alo
_cBy Sunil Gangopadhyay
250 _a6th rev.
260 _aCalcutta:
_bDey,
_c2003.
300 _a151p.
653 _aBengali novels
942 _cBK
999 _c6396
_d6396